000 00575nam a2200169 a 4500
008 120416s1992 ||||||||||||||||| || u
020 _a0006861733
050 _aQD 15 Bro
100 _aBrock, William H
245 1 4 _aThe Fontana history of chemistry
260 _aLondon
_bFontana
_c1992
300 _axxiii, 744p. : ill.
350 _a0.00
650 0 _aCHEMISTRY--HANDBOOKS, MANUALS, ETC
650 _aCHEMISTRY--HISTORY
995 _D0.00
_FCBU-MAIN LIBRARY (Kitwe)
_H1
_I10.00
_M1
_UDAMAGED
_ZMain Library Open Access Collection
999 _c43663
_d43663